Statystyki dla Przeliteruj stolicę Kazachstanu - 2

Kliknij tutaj aby rozwiązać quiz!

Ogólne statystyki

  • Ten quiz został rozwiązany 171 razy
  • Średni wynik to 6 z 6

Statystyki odpowiedzi

Litera% Poprawnych
A
100%
A
98%
A
98%
N
97%
S
97%
T
97%

Rozkład punktacji

Percentyl według liczby udzielonych odpowiedzi

Procent ludzi z każdym wynikiem

Twoja historia wyników

Nie rozwiązałeś tego quizu